Score Markings #2 - Statistics

General Stats
  • This quiz has been taken 12 times
  • The average score is 8 of 37
Answer Stats
Hint Answer % Correct
bow, with the bow arco
100%
silent tacet
100%
like the first time come prima
50%
with the stick of the bow con legno
50%
wood of the bow legno
50%
the same, usually used with tempo l'istesso
50%
dying away morendo
50%
the score partitur
50%
little petit
50%
light tone near the bridge ponticello
50%
quick, rapid, presto schnell
50%
dry, very short secco
50%
a cut vide
50%
ritard zuruckhalten
50%
to be played by both a due
0%
with the other part colla parte
0%
exactly as written come sta
0%
with mutes con sordini
0%
mute dampfer, sordino
0%
out in front of en dehors
0%
the first time erstes Mal
0%
somewhat etwas
0%
somewhat slower etwas langsamer
0%
always immer
0%
moderato massig
0%
style, manner modo
0%
change muta
0%
without ohne, sans, senza
0%
otherwise ossia
0%
remove otez
0%
at pleasure piacere
0%
similar to tutti, distinguishes accompanying instruments from soloist repieno
0%
tranquil ruhig
0%
tuning contrary to normal scordatura
0%
follow, continue in the same manner segue
0%
very sehr
0%
a single voice or part in the score stimme
0%
No matching quizzes found
Score Distribution
Percent of People with Each Score
Percentile by Number Answered
Your Score History
You have not taken this quiz